000
00194 a2200097 4500
020
_a
9788449438387
041
_a
spa
100
_a
Disney
245
_a
Aprendo a leer con los cuentos
942
_c
BK
999
_c
29494
_d
29492